Vývoj modelov riadenia ľudských zdrojov

Model HRBP - human resources business partner a jeho aplikácia v praxi. Súčasný stav a perspektívy riadenia ľudských zdrojov. Digitalizácia v riadení ľudských zdrojov. Budúca podoba modelov riadenia ľudských zdrojov.

Saved in:
Bibliographic Details
Main Author: Joniaková, Zuzana, 1970-
Format: Book Chapter
Language:Slovak
Subjects:
Tags: Add Tag
No Tags, Be the first to tag this record!

MARC

LEADER 00000naa$a2200000$$$4500
001 0240698
005 20240502073922.0
041 0 |a slo 
044 |a SK 
245 1 0 |a Vývoj modelov riadenia ľudských zdrojov  |c Zuzana Joniaková 
520 |a Model HRBP - human resources business partner a jeho aplikácia v praxi. Súčasný stav a perspektívy riadenia ľudských zdrojov. Digitalizácia v riadení ľudských zdrojov. Budúca podoba modelov riadenia ľudských zdrojov. 
610 2 0 |a riadenie ľudských zdrojov 
610 2 0 |a riadenie strategické 
610 2 0 |a modely 
610 2 0 |a zdroje ľudské 
610 2 0 |a zamestnanci 
610 2 0 |a partnerstvo strategické 
610 2 0 |a digitalizácia 
610 2 0 |a informatizácia 
610 2 0 |a kompetencie 
100 1 |a Joniaková, Zuzana, 1970-